000 01417nam0a22003251 4500
001 RU\NLR\Evr\7948
005 20251202160538.0
035 _a(NLR Aleph) 011424322
090 _a11620492
_c11620492
100 _a20141229d1930 u y0rusy50 ca
101 0 _ayid
102 _aRU
105 _ay |||||||||
200 1 _6a01
_7ba
_aHantbukh far kolvirtnikes
_eIn fragn un entfern
_fS. Suser un A. Shuser
210 _6a01
_aMoskve; Kharkov; Minsk
_cTsentraler felker-farlag fun FSSR
_d1930
_7ba
210 _6a01
_9z02
_aמאָסקווע; כארקאָוו; מינסק
_cצענטראלער פעלקער-פארלאג פון פססר
_d1930
210 _9z02
_aМосква; Харьков; Минск
_cЦентральное издательство народов СССР
_d1930
_7ca
215 _a85 с.
_d17 см.
510 1 _6a01
_aהאנטבוך פאר קאָלווירטניקעס
_eאין פראגן און ענטפערן
_fס. סוסער און א. שוסער
541 1 _aСправочник колхозника
_eВ вопросах и ответах
_zrus
700 1 _6a01
_aСуссер
_bС.
_3RU\NLR\AUTH\7957884
_4070
_7ca
701 1 _6a01
_aШусер
_bА.
_3RU\NLR\AUTH\7957887
_4070
_7ca
801 0 _aRU
_bNLR
_c20141229
_gpsbo
801 0 _aRU
_bNLR
_gPSBO
801 1 _aRU
_bNLR
_c20141229
_2rusmarc
852 _aNLR
_bОЛСАА/идиш
_jИ-520
942 _cBOOK
980 _aNB
980 1 _aIDISH